000 00227nmm a2200097Ia 4500
008 220120s9999||||xx |||||||||||||||||und||
020 _a978-81-203-3468-7
100 _aEFY
245 0 _aUbuntu 16.4 LIS
260 _aEFY
_bNew delhi
999 _c140004
_d140004